000 01202nam a2200265 a 4500
001 000015942
005 20240226184457.0
008 100222s1998 dr 000 0 spa d
040 _aDO-SdBNP
_bspa
_cBNPHU
082 _a306.097293
_bH117p
245 0 0 _aHacía un programa de desarrollo cultural para la República Dominicana :
_binformes sobre el diagnótico participativo del sector cultural /
_ceditores Luis O. Brea Franco, Ramón A. Victoriano M.
260 _aSanto Domingo :
_bConsejo Presidencial para la Cutura :
_bPNUD,
_c1998.
300 _av. ;
_c22 cm.
500 _aIncluye referencias bibliográficas y notas al pie de las páginas
500 _aLa biblioteca posee el v. 1
505 0 _av. 1 .
_tCompendio de legislación cultural.
590 _aInventariado, 2018/BT
650 4 _aCultura
_zRepública Dominicana
_91983
651 4 _aRepública Dominicana
_xPolítica Cultural
_911345
700 1 2 _aBrea Franco, Luis O.
_eed.
_97125
700 1 2 _aVictoriano M., Ramón A.
_eed.
_935826
710 1 _aRepública Dominicana. Consejo Presidencial de Cultura.
_935827
710 2 _aPrograma de la Naciones Unidas para el Desarrollo
_914027
910 _aValidado. Control de calidad. MFF
999 _c15484
_d15484